Great Literature #1 - Statistics

General Stats
  • This quiz has been taken 973 times
    957 since last reset
  • The average score is 17 of 20
Answer Stats
Hint Answer % Correct
William Shakespeare Hamlet
96%
Lewis Carroll Alice’s Adventures in Wonderland
93%
Jane Austen Pride and Prejudice
93%
Mark Twain The Adventures of Huckleberry Finn
92%
F. Scott Fitzgerald The Great Gatsby
92%
Homer The Odyssey
91%
Emily Brontë Wuthering Heights
91%
Miguel de Cervantes Don Quixote
90%
J. D. Salinger The Catcher in the Rye
90%
Leo Tolstoy War and Peace
88%
Dante Alighieri The Divine Comedy
86%
Ernest Hemingway The Old Man and the Sea
86%
Herman Melville Moby Dick
85%
Fyodor Dostoyevsky The Brothers Karamazov
85%
James Joyce Ulysses
84%
Vladimir Nabokov Lolita
83%
Gabriel García Márquez One Hundred Years of Solitude
78%
Gustave Flaubert Madame Bovary
77%
Virginia Woolf To the Lighthouse
73%
Marcel Proust In Search of Lost Time
68%
No matching quizzes found
Score Distribution
Percent of People with Each Score
Percentile by Number Answered
Your Score History
You have not taken this quiz since the last reset